Социология основанная на этнографии: пер. с фр.; Вып. I. Кн. I. Роль потребностей питания в человеческой жизни; Вып. I. Кн. II. Роль чувства в жизни человечества; Вып. II. Кн. III. Аффектная сторона жизни; Вып. III. Кн. IV. Общественная жизнь; Вып. III. Кн. V. Интелектуальная жизнь

Dettagli Bibliografici
Autore principale: Летурно Ш. Шарль
Riassunto:С 53 рис.+61 рис.+39 рис.
Lingua:russo
Pubblicazione: Санкт-Петербург, Издание О. Н. Поповой, 1895
TOC:Вып. I. Кн. I. Роль потребностей питания в человеческой жизни;
Вып. I. Кн. II. Роль чувства в жизни человечества;
Вып. II. Кн. III. Аффектная сторона жизни;
Вып. III. Кн. IV. Общественная жизнь;
Вып. III. Кн. V. Интелектуальная жизнь;
Soggetti:
Natura: MixedMaterials Libro
KOHA link:https://koha.lib.tpu.ru/cgi-bin/koha/opac-detail.pl?biblionumber=334718

MARC

LEADER 00000nam0a2200000 4500
001 334718
005 20231102004701.0
035 |a (RuTPU)RU\TPU\book\361011 
090 |a 334718 
100 |a 20170905d1895 m y0rusy50 ca 
101 1 |a rus 
102 |a RU 
105 |a a z 000zy 
200 1 |a Социология основанная на этнографии  |e пер. с фр.  |f Ш. Летурно 
210 |a Санкт-Петербург  |c Издание О. Н. Поповой  |c Типография И. Н. Скороходова  |d 1895 
215 |a X, 141, 2, 226, II, 287 с.  |c ил. 
300 |a С 53 рис.+61 рис.+39 рис. 
464 |t Вып. I. Кн. I. Роль потребностей питания в человеческой жизни  |d 1897  |d 1898 
464 |t Вып. I. Кн. II. Роль чувства в жизни человечества 
464 |t Вып. II. Кн. III. Аффектная сторона жизни 
464 |t Вып. III. Кн. IV. Общественная жизнь 
464 |t Вып. III. Кн. V. Интелектуальная жизнь 
606 |a Социология  |x История  |x Отдельных зарубежных стран и континентов  |2 stltpush  |3 (RuTPU)RU\TPU\subj\37927  |9 58684 
610 1 |a социология 
610 1 |a пища 
610 1 |a расы 
610 1 |a питание 
610 1 |a этнография 
610 1 |a чувства 
610 1 |a живопись 
610 1 |a Греция 
610 1 |a Америка 
610 1 |a Азия 
610 1 |a эволюция 
610 1 |a рефлексы 
610 1 |a мифология 
610 1 |a каннибализм 
610 1 |a обряды 
610 1 |a общественная жизнь 
610 1 |a брак 
610 1 |a семья 
610 1 |a собственность 
610 1 |a интеллект 
610 1 |a аборигены 
686 |a С51(4/8)  |v LBC/SL-A  |2 rubbk 
700 1 |a Летурно  |b Ш.  |c французский социолог  |c этнограф  |c президент Парижского Антропологического Общества (1886)  |f 1831-1902  |g Шарль  |2 stltpush  |3 (RuTPU)RU\TPU\pers\35411  |9 18619 
801 1 |a RU  |b 63413507  |c 20170905 
801 2 |a RU  |b 63413507  |c 20170905  |g RCR 
942 |c BK